Jungle Book - I Wanna Be Like You Lyrics - Statistics

General Stats
  • This quiz has been taken 275 times
  • The average score is 141 of 176
Answer Stats
Answer % Correct
I
99%
be
97%
you
97%
like
96%
wanna
96%
to
93%
a
92%
talk
92%
Talk
92%
walk
92%
me
89%
the
89%
an
88%
of
86%
do
85%
man
85%
and
84%
And
84%
Oh
84%
I'm
83%
king
83%
jungle
82%
What
81%
what
81%
it's
79%
true
79%
that's
78%
VIP
78%
can
77%
learn
77%
bothering
76%
see
76%
too
76%
what's
75%
ape
74%
into
74%
right
74%
stop
74%
swingers
74%
town
74%
just
73%
top
72%
around
71%
Now
71%
other
71%
reached
71%
so
71%
tired
71%
had
70%
stroll
70%
men
69%
fire
68%
human
68%
I've
68%
monkeying
68%
mancub
67%
is
65%
man's
64%
red
63%
desire
57%
don't
57%
flower
56%
give
56%
Give
56%
make
56%
secret
54%
try
54%
with
54%
come
52%
Come
52%
my
52%
deal
51%
dream
51%
power
51%
on
48%
Someone
48%
someone
48%
You'll
47%
made
45%
kid
41%
clue
39%
oobee
23%
No matching quizzes found
Score Distribution
Percent of People with Each Score
Percentile by Number Answered
Your Score History
You have not taken this quiz